<?xml version="1.0" encoding="UTF-8"?>
<record
    xmlns:xsi="http://www.w3.org/2001/XMLSchema-instance"
    xsi:schemaLocation="http://www.loc.gov/MARC21/slim http://www.loc.gov/standards/marcxml/schema/MARC21slim.xsd"
    xmlns="http://www.loc.gov/MARC21/slim">

  <leader>00790nam a22002537a 4500</leader>
  <controlfield tag="005">20170123162301.0</controlfield>
  <datafield tag="010" ind1=" " ind2=" ">
    <subfield code="a">A-431151</subfield>
  </datafield>
  <datafield tag="020" ind1=" " ind2=" ">
    <subfield code="c">30.00</subfield>
  </datafield>
  <datafield tag="035" ind1=" " ind2=" ">
    <subfield code="a">A-431151</subfield>
  </datafield>
  <datafield tag="037" ind1=" " ind2=" ">
    <subfield code="b">Cen Lib/Ret</subfield>
  </datafield>
  <datafield tag="040" ind1=" " ind2=" ">
    <subfield code="a">DPL</subfield>
    <subfield code="b">UR</subfield>
  </datafield>
  <datafield tag="082" ind1=" " ind2=" ">
    <subfield code="a">954.16</subfield>
  </datafield>
  <datafield tag="100" ind1=" " ind2=" ">
    <subfield code="a">&#x645;&#x6C1;&#x6CC;&#x634;&#x648;&#x627;&#x631; &#x62F;&#x6CC;&#x627;&#x644;</subfield>
    <subfield code="9">399</subfield>
  </datafield>
  <datafield tag="245" ind1=" " ind2=" ">
    <subfield code="a">/ 1857 &#x6A9; &#x62F;&#x644;&#x644;&#x6CC;</subfield>
    <subfield code="c">&#x645;&#x6C1;&#x6CC;&#x634;&#x648;&#x627;&#x631; &#x62F;&#x6CC;&#x627;&#x644; /</subfield>
  </datafield>
  <datafield tag="246" ind1=" " ind2=" ">
    <subfield code="a">1857 KI DILLI</subfield>
    <subfield code="b">by maheshwer dayal</subfield>
  </datafield>
  <datafield tag="260" ind1=" " ind2=" ">
    <subfield code="a">&#x646;&#x648;&#x62F;&#x644;&#x6BE;&#x6CC;</subfield>
    <subfield code="b">&#x6AF;&#x644;&#x6CC;&#x628; &#x646;&#x633;&#x62A;&#x6CC;&#x62A;&#x6CC;&#x62A; &#x6CC;&#x628;&#x646; &#x6AF;&#x627;&#x644;&#x628;</subfield>
    <subfield code="c">00?</subfield>
  </datafield>
  <datafield tag="270" ind1=" " ind2=" ">
    <subfield code="a">&#x6AF;&#x644;&#x6CC;&#x628; &#x646;&#x633;&#x62A;&#x6CC;&#x62A;&#x6CC;&#x62A; &#x6CC;&#x628;&#x646; &#x6AF;&#x627;&#x644;&#x628;</subfield>
    <subfield code="b">&#x646;&#x648;&#x62F;&#x644;&#x6BE;&#x6CC;</subfield>
    <subfield code="e">110002</subfield>
  </datafield>
  <datafield tag="300" ind1=" " ind2=" ">
    <subfield code="a">160p.</subfield>
    <subfield code="c">16cm (Hb)</subfield>
  </datafield>
  <datafield tag="650" ind1=" " ind2=" ">
    <subfield code="a">&#x627;&#x62A;&#x6CC;&#x6BE;&#x633; &#x628;&#x6BE;&#x627;&#x631;&#x62A;</subfield>
    <subfield code="9">400</subfield>
  </datafield>
  <datafield tag="650" ind1=" " ind2=" ">
    <subfield code="a">1857 &#x62F;&#x644;&#x644;&#x6CC;</subfield>
    <subfield code="9">401</subfield>
  </datafield>
  <datafield tag="650" ind1=" " ind2=" ">
    <subfield code="a">HIstory of India</subfield>
    <subfield code="9">136780</subfield>
  </datafield>
  <datafield tag="650" ind1=" " ind2=" ">
    <subfield code="a">Delhi 1857</subfield>
    <subfield code="9">403</subfield>
  </datafield>
  <datafield tag="942" ind1=" " ind2=" ">
    <subfield code="2">ddc</subfield>
    <subfield code="c">UR</subfield>
    <subfield code="h">954.16</subfield>
    <subfield code="m">&#x645; &#x62D; &#x6CC;</subfield>
  </datafield>
  <datafield tag="999" ind1=" " ind2=" ">
    <subfield code="c">105992</subfield>
    <subfield code="d">105992</subfield>
  </datafield>
  <datafield tag="952" ind1=" " ind2=" ">
    <subfield code="0">0</subfield>
    <subfield code="1">0</subfield>
    <subfield code="4">0</subfield>
    <subfield code="7">1</subfield>
    <subfield code="8">REF</subfield>
    <subfield code="a">L</subfield>
    <subfield code="b">L</subfield>
    <subfield code="d">2015-05-26</subfield>
    <subfield code="e">Cen Lib/Ret</subfield>
    <subfield code="g">30.00</subfield>
    <subfield code="l">0</subfield>
    <subfield code="o">954.16 &#x645; &#x62D; &#x6CC;</subfield>
    <subfield code="p">A-431151</subfield>
    <subfield code="r">2015-05-26 00:00:00</subfield>
    <subfield code="t">1</subfield>
    <subfield code="v">30.00</subfield>
    <subfield code="w">2015-05-26</subfield>
    <subfield code="y">UR</subfield>
  </datafield>
</record>
